000
00439nam a2200133Ia 4500
008
100328s9999 xx 000 0 und d
082
_b
45485
100
_a
गुजर ना.रा.
245
_a
इथे अश्रू सुकून जातात
260
_b
---
630
_a
इथे अश्रू सुकून जातात
730
_a
इथे अश्रू सुकून जातात
942
_c
BOOK
999
_c
533612
_d
533609